Los nuevos empresarios. (Record no. 18778)
[ view plain ]
| 000 -CABECERA | |
|---|---|
| campo de control de longitud fija | 00820nam a2200169 a 4500 |
| 001 - NÚMERO DE CONTROL | |
| campo de control | 000019260 |
| 005 - FECHA Y HORA DE LA ÚLTIMA TRANSACCIÓN | |
| campo de control | 20200929165951.0 |
| 008 - DATOS DE LONGITUD FIJA--INFORMACIÓN GENERAL | |
| campo de control de longitud fija | 100315s2009 sp 000 0 spa d |
| 020 ## - NÚMERO INTERNACIONAL ESTÁNDAR DEL LIBRO | |
| Número Internacional Estándar del Libro | 9788478410842 |
| 040 ## - FUENTE DE LA CATALOGACIÓN | |
| Centro catalogador/agencia de origen | DO-SdBNP |
| Lengua de catalogación | spa |
| Centro/agencia transcriptor | BNPHU |
| 082 ## - NÚMERO DE LA CLASIFICACIÓN DECIMAL DEWEY | |
| Número de clasificación | xxxx |
| 049 ## - FONDOS LOCALES (OCLC) | |
| Fondos de biblioteca | BNPD |
| 245 00 - MENCIÓN DE TÍTULO | |
| Título | Los nuevos empresarios. |
| 260 ## - PUBLICACIÓN, DISTRIBUCIÓN, ETC. | |
| Lugar de publicación, distribución, etc. | Barcelona España : |
| Nombre del editor, distribuidor, etc. | Oceano-Centrum, |
| Fecha de publicación, distribución, etc. | 2009. |
| 300 ## - DESCRIPCIÓN FÍSICA | |
| Extensión | 2 v. : |
| Otras características físicas | diagrs. ; |
| Dimensiones | 27 cm + |
| Material acompañante/anejo | cd-rom |
| 505 2# - NOTA DE CONTENIDO CON FORMATO | |
| Información miscelánea | v. 1 : |
| Título | Cómo ser un líder eficaz -- |
| -- | Cómo negociar eficazmente -- |
| -- | Cómo dirigir reuniones -- |
| -- | Cómo desarrollar un plan de negocios -- |
| -- | Sea su propio jefe -- |
| Información miscelánea | v. 2: |
| Título | Cómo administrar su tiempo -- |
| -- | Presente informes y propuestas eficaces -- |
| -- | Correo electrónico: cómo escribir mensajes eficaces -- |
| -- | ¡Haga esa llamada! -- |
| -- | Eleve su autoestima -- |
| -- | Cómo tratar con gente difícil. |
| Estado de retiro | Estado de pérdida | Restricciones de uso | No para préstamo | Código de colección | Localización permanente | Ubicación/localización actual | Ubicación en estantería | Fecha de adquisición | Número de inventario | Total de préstamos | Signatura topográfica completa | Código de barras | Fecha visto por última vez | Precio válido a partir de | Tipo de ítem Koha | Número de copia |
|---|---|---|---|---|---|---|---|---|---|---|---|---|---|---|---|---|
| Excluido de préstamo | Monografías: Libros y Folletos | General | General | Depósito | 31.05.2010 | LF1 | xxxx | 19260-10 | 25.06.2020 | 25.06.2020 | No se presta | |||||
| Excluido de préstamo | Monografías: Libros y Folletos | General | General | Depósito | 31.05.2010 | LF1 | xxxx | 19260-20 | 25.06.2020 | 25.06.2020 | No se presta | e. 2 |
